Fundamentals of Software Engineering (Record no. 3655)

MARC details
000 -LEADER
fixed length control field 00363nam a2200157Ia 4500
008 - FIXED-LENGTH DATA ELEMENTS--GENERAL INFORMATION
fixed length control field 191201s2008 xx 000 0 und d
020 ## - INTERNATIONAL STANDARD BOOK NUMBER
International Standard Book Number 9788120324459
082 ## - DEWEY DECIMAL CLASSIFICATION NUMBER
Classification number 005.1
Item number MAF
100 ## - MAIN ENTRY--PERSONAL NAME
Personal name MALL, Rajib
245 #0 - TITLE STATEMENT
Title Fundamentals of Software Engineering
250 ## - EDITION STATEMENT
Edition statement 2nd
260 ## - PUBLICATION, DISTRIBUTION, ETC. (IMPRINT)
Place of publication, distribution, etc N.Delhi
Name of publisher, distributor, etc PHI
Date of publication, distribution, etc 2008
300 ## - PHYSICAL DESCRIPTION
Extent 336
650 ## - SUBJECT ADDED ENTRY--TOPICAL TERM
Topical term or geographic name as entry element MCA
942 ## - ADDED ENTRY ELEMENTS (KOHA)
Source of classification or shelving scheme Dewey Decimal Classification
Koha item type Text Books
Holdings
Withdrawn status Lost status Source of classification or shelving scheme Damaged status Not for loan Collection code Home library Current library Date acquired Source of acquisition Cost, normal purchase price Bill Number Total Checkouts Full call number Acc. no. / Barcode Date last seen Bill Date Koha item type Date last borrowed Public note
    Dewey Decimal Classification     MCA PIET C-LIBRARY PIET C-LIBRARY 19/12/2008 J B C, New Delhi 195.00 SI-4643   005.1 MAF 10421 04/12/2019 11/12/2008 Text Books    
    Dewey Decimal Classification     MCA PIET C-LIBRARY PIET C-LIBRARY 19/12/2008 J B C, New Delhi 195.00 SI-4643   005.1 MAF 10422 04/12/2019 11/12/2008 Text Books    
    Dewey Decimal Classification     MCA PIET C-LIBRARY PIET C-LIBRARY 19/12/2008 J B C, New Delhi 195.00 SI-4643   005.1 MAF 10423 04/12/2019 11/12/2008 Text Books    
    Dewey Decimal Classification     MCA PIET C-LIBRARY PIET C-LIBRARY 19/12/2008 J B C, New Delhi 195.00 SI-4643   005.1 MAF 10424 04/12/2019 11/12/2008 Text Books    
    Dewey Decimal Classification     Computer Science & Engineering in Cyber Security PIET C-LIBRARY PIET C-LIBRARY 19/12/2008 J B C, New Delhi 195.00 SI-4643 1 005.1 MAF 10425 31/12/2021 11/12/2008 Text Books 29/12/2021  
    Dewey Decimal Classification     Computer Science & Engineering in Cyber Security PIET C-LIBRARY PIET C-LIBRARY 19/12/2008 J B C, New Delhi 195.00 SI-4643 1 005.1 MAF 10426 03/01/2022 11/12/2008 Text Books 29/12/2021  
    Dewey Decimal Classification     Computer Science & Engineering in Cyber Security PIET C-LIBRARY PIET C-LIBRARY 19/12/2008 J B C, New Delhi 195.00 SI-4643 3 005.1 MAF 10427 13/03/2025 11/12/2008 Text Books 21/01/2022 .
    Dewey Decimal Classification     Computer Science & Engineering in Cyber Security PIET C-LIBRARY PIET C-LIBRARY 19/12/2008 J B C, New Delhi 195.00 SI-4643 2 005.1 MAF 10428 16/04/2025 11/12/2008 Text Books 04/04/2025  

Design & Developed by: PIET Central Library
R70 Miles Stone Pattikalyana Samalkha Panipat 132102
mail ID :- [email protected], Phone No:- 0180-2569700 Ex.216